| 000 | 04595nam a22005177a 4500 | ||
|---|---|---|---|
| 001 | 1144923136 | ||
| 003 | OCoLC | ||
| 005 | 20210419094248.0 | ||
| 006 | m o d | ||
| 007 | cr cn||||||||| | ||
| 008 | 200316s2020 nyua ob 000 0 eng d | ||
| 020 |
_a9781259834349 _qelectronic book |
||
| 020 |
_a1259834344 _qelectronic book |
||
| 020 |
_z9781259834332 _qpaperback |
||
| 020 |
_z1259834336 _qpaperback |
||
| 035 |
_a(OCoLC)1144923136 _z(OCoLC)1145027347 |
||
| 040 |
_aWIC _beng _erda _epn _cWIC _dMMU _dINM _dOCLCO _dVTM _dSMC _dYYE |
||
| 049 |
_aYYEA _aVZYM |
||
| 080 |
_a616.6 _bS-68 |
||
| 099 | _aINTERNET LINK | ||
| 245 | 0 | 0 | _aSmith & Tanagho's general urology |
| 246 | 3 | _aSmith and Tanagho's general urology. | |
| 246 | 3 | _aGeneral urology. | |
| 250 |
_a19th edition / _bedited by Jack W. McAninch, Tom F. Lue. |
||
| 260 |
_aNew York : _bMcGraw-Hill, _c2020. |
||
| 300 |
_a820 p. _billustrations. |
||
| 365 | _b61 usd | ||
| 500 | _aRevised edition of: Smith & Tanagho's general urology / edited by Jack W. McAninch, Tom F. Lue. 18th ed. ©2013. | ||
| 500 | _aEINSTEIN & MMC: available online via AccessMedicine. See Reference staff for assistance. | ||
| 500 | _aMMC: available online via AccessSurgery. See Reference staff for assistance. | ||
| 504 | _aIncludes bibliographical references. | ||
| 505 | 0 | _aAnatomy of the genitourinary tract -- Embryology of the genitourinary system -- Symptoms of disorders of the genitourinary tract -- Physical examination of the genitourinary tract -- Urologic laboratory examination -- Radiology of the urinary tract -- Vascular interventional radiology -- Retrograde instrumentation of the urinary tract -- Percutaneous endourology and ureterorenoscopy -- Laparoscopic surgery -- Robotic surgery in urology -- Urinary obstruction & stasis -- Vesicoureteral reflux -- Bacterial infections of the genitourinary tract -- Specific infections of the genitourinary tract -- Sexually transmitted infections -- Urinary stone disease -- Injuries to the genitourinary tract -- Urothelial carcinoma: cancers of the bladder, ureter, and renal pelvis -- Renal parenchymal neoplasms -- Cancer of the prostate gland -- Genital tumors -- Urinary diversion and bladder substitutions -- Systemic therapy of urologic tumors -- Immunotherapy in urologic malignancies -- Radiotherapy of urologic tumors -- Neurophysiology and pharmacology of the lower urinary tract -- Neurogenic bladder -- Urodynamics -- Urinary incontinence -- Disorders of the adrenal glands -- Disorders of the kidneys -- Diagnosis of medical renal diseases -- Acute kidney injury and oliguria -- Chronic kidney disease and renal replacement therapy -- Renal transplantation -- Disorders of the ureter and ureteropelvic junction -- Disorders of the bladder, prostate, and seminal vesicles -- Male sexual dysfunction -- Women's sexual health -- Disorders of the penis and male urethra -- Disorders of the female urethra -- Disorders of sex development -- Male infertility -- The aging male -- Genital gender-affirming surgery: patient care, decision making, and surgery options -- History and physical examination in pediatric urology -- Introduction to clinical research design. | |
| 520 | _a"Smith & Tanagho's General Urology, Nineteenth Edition offers a complete overview of the diagnosis and treatment of the diseases and disorders managed by urologic surgeons. This trusted classic delivers a clear, concise presentation of the etiology, pathogenesis, clinical findings, differential diagnosis, and medical and surgical treatment of all major urologic conditions. The well-organized, user-friendly design makes relevant clinical information and management guidelines easy to find and simple to implement."--Publisher's description. | ||
| 588 | _aDescription based on online resource; title from resource home page (AccessMedicine, viewed March 17, 2020). | ||
| 650 | 1 | 2 | _aUrologic Diseases. |
| 653 | _aუროლოგია | ||
| 655 | 7 | _aElectronic books. | |
| 700 | 1 | _aMcAninch, Jack W. | |
| 700 | 1 | _aLue, Tom F. | |
| 710 | 2 | _aAccessMedicine (Online Service) | |
| 710 | 2 | _aAccessSurgery (Online Service) | |
| 856 | 4 | 1 |
_3AccessSurgery _uhttps://accesssurgery.mhmedical.com/book.aspx?bookid=2840 _zMMC: AccessSurgery ebook collection |
| 856 | 4 | 0 |
_3AccessMedicine _uhttps://elibrary.einsteinmed.org/login?url=https://accessmedicine.mhmedical.com/book.aspx?bookid=2840 _zEINSTEIN: AccessMedicine ebook collection |
| 856 | 4 | 1 |
_3AccessMedicine _uhttps://accessmedicine.mhmedical.com/book.aspx?bookid=2840 _zMMC: AccessMedicine ebook collection |
| 942 |
_2udc _cBK |
||
| 999 |
_c369 _d369 |
||